000 00517cam a22001932 4500
001 0000003901
005 20170406115412.0
008 140721s xx 000 0 eng d
020 _c$
040 _aYour Holding Symbol
_cYour Holding Symbol
100 1 _aAusten,Jane.
245 1 0 _aPride and prejudice.
250 _a ed.
260 _alondon :
_bPuffin books,
_c1995.
300 _a378 p. ;
_c cm.
650 0 _aenglish literature.
908 _a140721
999 _c3751
_d3751